000 00744cam a22002294a 4500
001 12467685
005 20180205073454.0
008 010712s2001 nyua 001 0 eng
010 _a 2001093693
020 _a0764536486
040 _aDLC
_cDLC
_dDLC
041 _aeng
042 _apcc
080 _a004 KIN
082 _a004 KIN
100 1 _a28
101 _aSHK
245 1 0 _aTeach yourself visually Macromedia Web Collection :
_cby Sherry Willard Kinkoph, Mike Wooldridge, and Sue Plumley ; compiled by Michael Toot.
906 _a7
_bcbc
_corignew
_d2
_eepcn
_f20
_gy-gencatlg
942 _2ddc
_cBK
999 _c41772
_d41772